Кн. 3: Электромагнетизм; Физика

Bibliographic Details
Parent link:Физика: учебное пособие для вузов/ А. Н. Леденев. Кн. 3: Электромагнетизм.— , 2005
Summary:Основу настоящего курса физики составляют лекции, читаемые автором слушателям Института криптографии, связи и информатики Академии ФСБ России. В данном томе рассматриваются основные понятия и закономерности электрических и магнитных явлений: электрическое и магнитное поле в вакууме, свойства проводников и диэлектриков в электрическом поле, магнитное поле в веществе, законы постоянного тока , явление электромагнитной индукции. Электрические токи в газах и электролитах практически не затрагиваются. Дается краткое, но достаточно строгое изложение учебного материала в виде системы физических понятий, определений, законов и теорем. Для студентов высших учебных заведений, обучающихся по специальности «Информатика и вычислительная техника».
Language:Russian
Published: 2005
Subjects:
Format: Book
KOHA link:https://koha.lib.tpu.ru/cgi-bin/koha/opac-detail.pl?biblionumber=81519

MARC

LEADER 00000nam2a2200000 4500
001 81519
005 20231031095211.0
010 |a 5922104632 
035 |a (RuTPU)RU\TPU\book\87625 
090 |a 81519 
100 |a 20050921d2005 m y0rusy50 ca 
101 0 |a rus 
102 |a RU 
105 |a a j 001zy 
200 0 |a Кн. 3: Электромагнетизм 
210 |d 2005 
215 |a 192 с.  |c ил. 
320 |a Предметный указатель: с. 190-192. 
330 |a Основу настоящего курса физики составляют лекции, читаемые автором слушателям Института криптографии, связи и информатики Академии ФСБ России. В данном томе рассматриваются основные понятия и закономерности электрических и магнитных явлений: электрическое и магнитное поле в вакууме, свойства проводников и диэлектриков в электрическом поле, магнитное поле в веществе, законы постоянного тока , явление электромагнитной индукции. Электрические токи в газах и электролитах практически не затрагиваются. Дается краткое, но достаточно строгое изложение учебного материала в виде системы физических понятий, определений, законов и теорем. Для студентов высших учебных заведений, обучающихся по специальности «Информатика и вычислительная техника». 
461 1 |0 (RuTPU)RU\TPU\book\88776  |t Физика  |o учебное пособие для вузов  |o в 5 кн.  |f А. Н. Леденев  |v Кн. 3: Электромагнетизм  |d 2005 
610 1 |a физика 
610 1 |a учебные пособия 
610 1 |a электромагнетизм 
610 1 |a электростатическое поле 
610 1 |a вакуум 
610 1 |a проводники 
610 1 |a электрические поля 
610 1 |a диэлектрики 
610 1 |a электростатика 
610 1 |a постоянный электрический ток 
610 1 |a магнитные поля 
610 1 |a электромагнитная индукция 
610 1 |a уравнения 
610 1 |a задачи 
610 1 |a ответы 
675 |a 53(075.8)  |v 3 
675 |a 537.812(075.8)  |v 3 
801 1 |a RU  |b 63413507  |c 20050921  |g PSBO 
801 2 |a RU  |b 63413507  |c 20150513  |g PSBO 
900 |a Физика 
942 |c BK 
951 |a 510400  |b 090100  |b 230100 
959 |a 104/20061204  |d 1  |e 140,80  |f АНЛ:1